<?xml version="1.0" encoding="UTF-8"?>
<marc:record xmlns:marc="http://www.loc.gov/MARC21/slim">
   <marc:leader>00000nam a2200000 a 4500</marc:leader>
   <marc:datafield ind1="1" ind2=" " tag="100">
      <marc:subfield code="a">Skye, Emily</marc:subfield>
      <marc:subfield code="4">aut</marc:subfield>
      <marc:subfield code="e">Verfasser/-in</marc:subfield>
   </marc:datafield>
   <marc:datafield ind1="0" ind2="0" tag="245">
      <marc:subfield code="a">Die geheime Drachenschule</marc:subfield>
   </marc:datafield>
   <marc:datafield ind1=" " ind2="1" tag="264">
      <marc:subfield code="b">Baumhaus</marc:subfield>
      <marc:subfield code="c">2025</marc:subfield>
   </marc:datafield>
   <marc:datafield ind1="1" ind2=" " tag="520">
      <marc:subfield code="a">Jeremias und sein Drache Feuerschatten wurden von den Clans verstoßen. Auf der Suche nach einer sicheren Bleibe treffen sie auf Buckel und Ash, die sie bei sich aufnehmen. Die beiden erzählen von einem protzigen Ritter, dem Goldenen Gilbert, der von Dorf zu Dorf zieht, um im Kampf gegen Drachen seine Hilfe anzubieten. Und auch die Clans wollen den Rittter anheuern, nachdem sie von  einer Mönchshaube angegriffen wurden. Jeremias ahnt, dass etwas faul an der Sache ist. Doch können sie die anderen davon überzeugen, dass Drachen nicht die bösen Ungeheuer sind, für die sie alle halten?</marc:subfield>
   </marc:datafield>
   <marc:datafield ind1=" " ind2=" " tag="020">
      <marc:subfield code="a">9783833909900</marc:subfield>
      <marc:subfield code="9">9783833909900</marc:subfield>
   </marc:datafield>
</marc:record>
